000 00612nam a2200157 a 4500
008 120416s1938 ||||||||||||||||| || u
050 _aGN 643 Fra
100 _aFrazer, Sir James George, 1854-1941
245 1 4 _aThe native races of Africa and Madagascar
_cedited by Robert Angus Downie
260 _aLondon
_bPercy Lund Humphries
_c1938
300 _axii, 578p. : ill.
350 _a0.00
650 0 _aETHICS
650 _aETHICS--AFRICA
995 _D0.00
_FCBU-MAIN LIBRARY (Kitwe)
_H1
_I24.00
_M1
_UAVAILABLE
_WApr 13, 2007
_ZMain Library Open Access Collection
999 _c51969
_d51969